ALL Languages of Europe Map Quiz - Statistics

General Stats
  • This quiz has been taken 1,445 times
    307 since last reset
  • The average score is 81 of 149
Answers on the Map
Answers color-coded by a green-red scale on the quiz's map according to % correct below.
 
Answer Stats
Language Family Speakers (L1) Language % Correct
Germanic 63 mil English
98%
Germanic 97 mil German
98%
Romance 65 mil Italian
98%
Slavic 700k otherSlavs
98%
Romance 47 mil Spanish
98%
Indo-European 7 mil Albanian
97%
Romance 81 mil French
97%
Baltic 3~4 mil Lithuanian
97%
Germanic 5 mil Norwegian
97%
Turkic 77.8 mil other Turkic
97%
Slavic 38.5 mil Polish
97%
Romance 10 mil Portuguese
97%
Indo-Iranian 800 k ~1.5 mil Romani
97%
Slavic 17 mil Serbo-Croatian
97%
Germanic 10 mil Swedish
97%
Turkic 15.7 mil(in Balkans) Turkish
97%
Slavic 32.6 mil Ukrainian
97%
Slavic 6 mil Bulgarian
96%
Romance 4.1 mil Catalan
96%
Slavic 10.6 mil Czech
96%
Germanic 6 mil Danish
96%
Germanic 22 mil Dutch
96%
Uralic 1.1 mil Estonian
96%
Uralic 5 mil Finnish
96%
Indo-European 13.5 mil Greek
96%
Uralic 13 mil Hungarian
96%
Celtic ~100k Irish
96%
Baltic 1.7 mil Latvian
96%
Romance 22 mil Romanian
96%
Slavic 106 mil Russian
94%
Slavic 2.5 mil Slovene
94%
Celtic ~538k Welsh
94%
Indo-European >3.6 mil Armenian
93%
Kartvelian >3.7 mil Georgian
93%
Slavic 1.6~ mil Macedonian
93%
Slavic 5 mil Slovak
93%
Germanic 390k Icelandic
92%
Celtic 70k Scottish Gaelic
92%
Turkic 200k ~1 mil (in Russia) Kazakh
91%
Germanic ~350k Luxembourgish
91%
Turkic ~500k (in Russia) Azerbaijani
90%
Slavic 3~5 mil Belarusian
90%
Language Isolate 806k Basque
89%
Indo-Iranian >14 mil (50k in Russia) Kurdish
89%
Romance ~100k Corsican
88%
Romance 1.3~ mil Sardinian
85%
Romance ? ~4.7 mil Sicilian
85%
Romance 1.56~ 2 mil Galician
82%
Celtic 107k Breton
81%
Germanic 1 mil ~ 55k Scots
79%
Germanic ~70k Faroese
78%
Uralic 25k, 871, 620 Sami Languages
78%
Romance 40k Romansh
77%
Indo-Iranian 30k Tat
76%
Germanic ~400k, 10k, 2k Frisian
75%
Turkic 4.3 mil Tatar
74%
Romance ~100k OccitanLanguages
73%
Northeast Caucasian 1.8 mil Chechen
72%
Semitic 560k Maltese
72%
Romance ? ~3.9 mil Venetian
72%
Semitic 2.4 mil Arabic
70%
Turkic ~150k Crimean Tatar
70%
Celtic 2k (L2) Manx
70%
Romance ? ~5.7 mil Neapolitan
70%
Indo-Iranian 490k Ossetian
69%
Inuit 57k Greenlandic
68%
Northwest Caucasian 300k other Circassian
68%
Celtic 563 Cornish
66%
Romance ? ~10.8 mil Gallo-Italic
66%
Romance 19k, 2k, 200 Norman, Jerriais,Guernesias
64%
Northwest Caucasian 190k (49k in Russia) Abaza-Abkhaz
63%
Italic ? Latin
63%
Uralic ~20k Karelian
61%
Slavic ~70k Rusyn
60%
Romance 10k Aragonese
58%
Romance 100k, 20k, 2k Astur-Leonese,Mirandese
58%
Slavic 457k Silesian Polish
58%
Slavic ~10k, 5k Sorbian
55%
Germanic 600 k Yiddish
50%
Romance ~30k Ladin
49%
Germanic 4.3~7.1 mil Low German
47%
Germanic 800k Limburgish
46%
Slavic 87k Kashubian
45%
Romance 420k Friulian
44%
Mongolic 107k Kalmyk
44%
Turkic 1.2~ mil Bashkir
42%
Uralic 320k Mari
42%
Turkic 1.05 mil Chuvash
41%
Turkic 140k Gagauz
41%
Romance 210k, 3k Aromanian& Meglenetic
38%
Northeast Caucasian 1.2 mil Avar
37%
Northeast Caucasian 350k Ingush
37%
Uralic 108k, 41k Komi
37%
Northwest Caucasian 590k (86k in Russia) Adyghe
36%
Uralic 1, 40 (L2) Livonian
36%
Romance ~70k Arpitan
35%
Uralic ~30k, 610 Nenets, Selkup,
34%
Uralic 270k Udmurt
34%
Romance 51k Judeo-Spanish(Ladino)
28%
Northwest Caucasian 1.6 mil Kabardian
28%
Turkic 274k Karachay-Balkar
27%
Uralic 130k Võro-Seto
27%
Slavic ? Church Slavonic
26%
Uralic 23k Moksha
26%
Uralic 46k Erzya
24%
Kartvelian 22k Laz
24%
Uralic 76 Ingrian
22%
Uralic 14k, 2.2k Khanty, Mansi
22%
Baltic ~165k? Latgalian
22%
Turkic 86k Nogai
22%
Romance 200 Judeo-Italian
21%
Uralic 1.3k Vepsian
21%
Northeast Caucasian 630k Lezgin
18%
Germanic 3k Elfdalian
17%
Kartvelian 345.5k Mingrelian
17%
Kartvelian ~14k Svan
17%
Sinitic 1.6k (in Russia) Dungan Chinese
16%
Germanic 20 Wymysorys
16%
Northeast Caucasian 20-10k Andi
15%
Turkic 520k Kumyk
15%
Northeast Caucasian ~570k Dargwa
14%
Northeast Caucasian 150k Lak
14%
Northeast Caucasian 33k Rutul
12%
Northeast Caucasian 87k~126k Tabasaran
12%
Northeast Caucasian 18k Tsez
12%
Uralic 21 Votic
11%
Northeast Caucasian 33k Aghul
9%
Northeast Caucasian ~7.5k Akhvakh
9%
Northeast Caucasian 1.7k Archi
9%
Northeast Caucasian 22k Tsakhur
9%
Northeast Caucasian ~200 Bats
8%
Northeast Caucasian 1k Khinalug
8%
Uralic 300 Ludic Karelian
8%
Northeast Caucasian 6k Udi
8%
Northeast Caucasian 3.7k Botlikh
7%
Northeast Caucasian 5.1 k Chamalal
7%
Northeast Caucasian 3k Godoberi
7%
Northeast Caucasian 3.4k Hunzib
7%
Northeast Caucasian 2.3k Bagvalal
6%
Northeast Caucasian 8k Bezhta
6%
Northeast Caucasian 9.5k Karata
6%
Turkic ~100k Siberian Tatar
6%
Northeast Caucasian 4.5k Tindi
6%
Northeast Caucasian ~200 Budukh
5%
Northeast Caucasian ~30k Kaitag
5%
Northeast Caucasian 7k, 7.4k Kubachi
5%
Northeast Caucasian 635 Hinuq
4%
Northeast Caucasian 3.3k Khwarshi
4%
Northeast Caucasian 5k Kryts
4%
No matching quizzes found
Score Distribution
Percent of People with Each Score
Percentile by Number Answered
Your Score History
You have not taken this quiz since the last reset